00881 2200301 4500001002100000005001700021008004100038020001800079035002400097082001000121090001700131100001900148245013900167250001100306260002700317300002800344500004100372500003100413650002100444700002000465850001500485980001300500985000600513999001500519999001500534999001500549999001500564YOGYA-0209000003659620090227025138.0 ind  a979-731-944-X 0010-020900000036596 a158.1 a158.1bMin M aMINIRTH, Frank aMengejar kebahagianbmenemukan & mengatasi penyebab depresi, amarah, putus asa khawatir ..cFrank Minirth ; penerjemah, Diana Angelica aCet. 2 aYogyakartabAndic2005 ax, 332 hlmbilusc24 cm aJudul asli : In pursuit of happiness aBibliografi : hlm. 323-332 aKebahagiaan diri aAngelica, Diana aYOPDYOG(B) a15-11-06 a4 a06P0000401 a06P0000402 a06P0000403 a06P0000404